Normal view MARC view
  • Universidad Autónoma de San Luis Potosí

Entry Nombre Corporativo

Number of records used in: 9

001 - NÚMERO DE CONTROL

  • campo de control: 25749

003 - IDENTIFICADOR DE NUMERO DE CONTROL

  • campo de control: UPN

005 - FECHA Y HORA DE LA ÜLTIMA TRANSACCIÓN

  • campo de control: 20221012125315.0

008 - DATOS DE LONGITUD FIJA

  • campo de control de longitud fija: 221012n||acznnbabn | ana |d

035 ## - NÚMERO DE CONTROL

  • Número de control: UPN10000025758

040 ## - FUENTE DE CATALOGACIÓN

  • Agencia original de catalogación: UPN
  • Lenguaje de catalogación: spa
  • Agencia transcribe: UPN

110 2# - ENCABEZAMIENTO - NOMBRE CORPORATIVO

  • Nombre corporativo o de jurisdicción como elemento de entrada : Universidad Autónoma de San Luis Potosí
  • Subdivisión de forma: Informes

670 ## - FUENTE EN LA QUE SE LOCALIZARON DATOS

  • Cita de la fuente : T/P
  • Información localizada: UASLP : informe 2011-2012

902 ## - CATALOGADOR

  • Catalogador: MCM/070617